| 000 | 00601cam a2200193 4500500 | ||
|---|---|---|---|
| 005 | 20260405002317.0 | ||
| 041 | _afre | ||
| 042 | _adc | ||
| 100 | 1 | 0 |
_ade Oliveira, Victorine _eauthor |
| 700 | 1 | 0 |
_ade Oliveira, Victorine _eauthor |
| 245 | 0 | 0 | _aIl n’y a pas d’amour parfait |
| 260 | _c2016. | ||
| 500 | _a50 | ||
| 690 | _aFrancis Wolff | ||
| 690 | _aMarcela Iacub | ||
| 690 | _aPassion | ||
| 786 | 0 | _nPhilosophie magazine | 104 | 11 | 2016-11-01 | p. 46-49 | 1951-1787 | |
| 856 | 4 | 1 | _uhttps://shs.cairn.info/magazine-philosophie-magazine-2016-11-page-46?lang=fr&redirect-ssocas=7080 |
| 999 |
_c2056497 _d2056497 |
||